01296nam a2200241Ia 4500001000900000003001000009008004100019040002500060041001300085100002500098245003000123250001100153260006700164300001200231500022200243501011400465520022200579650004200801942000700843957000600850999004000856952015800896L107-624IT-CnALBA170116s9999||||xx |||||||||||||| ||und|| aIT-CnALBAcIT-CnALBA aITALIANO aLIPPERT PETER, CSSR. 0aDAL FINITO ALL'INFINITO.  a1a ed. aCINISELLO BALSAMO (MI)bEDIZIONI PAOLINEc1961 [1° Ed.: n.d.] a202 p.  aTRADUTTORE JENNA VINCENZO. L'UOMO NELL'UNIVERSO. NATURA ARTE DIO. RISURREZIONE. L'UOMO E LA TECNICA. L'UOMO E L'ANIMALE. L'UOMO CREATORE. UOMO PERSONA. UOMO E SOCIETÀ. L'UOMO E LA RIVELAZIONE. CRISTO E L'OCCIDENTE.  aSocietà San Paolo EM - Piazza San Paolo, 14 - 12051 ALBA (CN) (non commercial uses only) ® Copyright 2017 aTRADUTTORE JENNA VINCENZO. L'UOMO NELL'UNIVERSO. NATURA ARTE DIO. RISURREZIONE. L'UOMO E LA TECNICA. L'UOMO E L'ANIMALE. L'UOMO CREATORE. UOMO PERSONA. UOMO E SOCIETÀ. L'UOMO E LA RIVELAZIONE. CRISTO E L'OCCIDENTE.  aSTUDIO E INSEGNAMENTO DELLA FILOSOFIA cBK 71 a723bNOg Copie: 1 c259860d259860 0010406L_10762471aALBAbALBAd2017-01-16l0oL107-624r2017-01-16 00:00:00w2017-01-16yBKz(data import: 16 gennaio 2017) - By Epidotti, Vaglietti.